Coaching - новый стиль менеджмента и управления персоналом: Практическое пособие; пер. с англ.
| Автор: | |
|---|---|
| Інші автори: | |
| Резюме: | Пер. изд.: Coaching for performance/ John Whitmore.-7 th ed. - London: Brealey,1996. Парал. тит. л. англ. Книга посвящена методике выявления и раскрытия потенциала личности и группы людей (команды) в той сфере, которой они себя посвятили. Автор фактически излагает новый стиль менеджмента, основанного на открытости, доверии, согласованности не только действий, но и целей, к которым стремятся подразделения организации и ее сотрудники. Первое издание книги на английском языке с 1992 года переведено на 11 языков. Для руководителей различного уровня предприятий, тренеров, а также преподавателей и студентов. |
| Мова: | Російська |
| Опубліковано: |
Москва, Финансы и статистика, 2000
|
| Предмети: | |
| Формат: | Книга |
| KOHA link: | https://koha.lib.tpu.ru/cgi-bin/koha/opac-detail.pl?biblionumber=25410 |
MARC
| LEADER | 00000nam0a2200000 4500 | ||
|---|---|---|---|
| 001 | 25410 | ||
| 005 | 20231030200934.0 | ||
| 010 | |a 527902225X | ||
| 035 | |a (RuTPU)RU\TPU\book\25646 | ||
| 035 | |a BOOK00025721 | ||
| 090 | |a 25410 | ||
| 100 | |a 20011209d2000 m y0rusy50 ca | ||
| 101 | 1 | |a rus |c eng | |
| 102 | |a RU | ||
| 105 | |a ac j 000zy | ||
| 200 | 1 | |a Coaching - новый стиль менеджмента и управления персоналом |e Практическое пособие |e пер. с англ. |f Дж. Уитмор |g пер., науч. ред. и авт. коммент. А. П. Колесник | |
| 210 | |a Москва |c Финансы и статистика |d 2000 | ||
| 215 | |a 160 с. |c ил., портр. | ||
| 300 | |a Пер. изд.: Coaching for performance/ John Whitmore.-7 th ed. - London: Brealey,1996. | ||
| 300 | |a Парал. тит. л. англ. | ||
| 330 | |a Книга посвящена методике выявления и раскрытия потенциала личности и группы людей (команды) в той сфере, которой они себя посвятили. Автор фактически излагает новый стиль менеджмента, основанного на открытости, доверии, согласованности не только действий, но и целей, к которым стремятся подразделения организации и ее сотрудники. Первое издание книги на английском языке с 1992 года переведено на 11 языков. Для руководителей различного уровня предприятий, тренеров, а также преподавателей и студентов. | ||
| 610 | 1 | |a экономика | |
| 610 | 1 | |a управление | |
| 610 | 1 | |a менеджмент | |
| 610 | 1 | |a кадры | |
| 610 | 1 | |a персонал | |
| 610 | 1 | |a коучинг | |
| 610 | 1 | |a коллектив | |
| 610 | 1 | |a личность | |
| 610 | 1 | |a учебные пособия | |
| 686 | |a У824я7 |v LBC/SL-A |2 rubbk | ||
| 686 | |a У821я7 |v LBC/SL-A |2 rubbk | ||
| 700 | 1 | |a Уитмор |b Дж. |g Джон | |
| 702 | 1 | |a Колесник |b А. П. |4 340 |4 730 | |
| 801 | 0 | |a RU |b 63413507 |c 20011209 |g PSBO | |
| 801 | 2 | |a RU |b 63413507 |c 20201006 |g PSBO | |
| 942 | |c BK | ||